000 00474nam a2200193Ia 4500
008 170918s9999 xx 000 0 und d
020 _a9780545054546
050 _bR378 2006
100 _aReiss, Mike
245 _aMerry unchristmas /
245 _cby Mike Reiss ; illustrated by David Catrow.
260 _aNew York :
260 _bScholastic,
260 _c2006
300 _aunpaged :
300 _bcolored illustration ;
300 _c20cm.
500 _a680
999 _c342798
_d342798